| Tag |
First Indicator |
Second Indicator |
Subfields |
| LEADER |
00000nam a2200000 4500 |
| 001 |
in00004197621 |
| 005 |
20200806085124.0 |
| 006 |
m g d |
| 007 |
cr bn |||a|bb| |
| 008 |
800906s1701 enk o 00 eng d |
| 035 |
|
|
|a (UnM)99893196
|
| 037 |
|
|
|a CL2105000002
|b ProQuest Information and Learning. 300 N. Zeeb Rd., Ann Arbor, MI 48106
|
| 040 |
|
|
|a Uk-ES
|c Uk-ES
|d CStRLIN
|d Cu-RivES
|e dcrb
|
| 100 |
1 |
|
|a Fox, George,
|d 1624-1691.
|
| 245 |
1 |
4 |
|a The last will, of George Fox, the Quakers great apostle; :
|b as it was all written by his own hand, and is now lying in the Prerogative-Office, by Doctors-Commons, London: attested by three eminent Quakers, whose names are under-mentioned; with a copy of the affidavit in Latin, taken out of the said office, signed by Thomas Wellham, Deputy of the Registary. Containing two columes; that on the left-hand, being the original, in his false English and spelling; the other on the right-hand, put into true English, the original being unintelligible. Published to convince the world, that he who made this will, and cou'd not write one line of true English, (and yet pretended high skill in the learned languages, witness his battledoor and primer to the two universities; who said in his battledoor, all languages were no more to me than dust, who was, before languages were) is not the author of any one page in all those books, which the Quakers have impudently publish'd under his name.
|
| 260 |
|
|
|a London: :
|b Printed for, and sold by W. Haws, at the rose in Ludgate-street,
|c MDCCI [1701].
|
| 300 |
|
|
|a 1 online resource (1 sheet ([1] pages).
|
| 336 |
|
|
|a text
|b txt
|2 rdacontent
|
| 337 |
|
|
|a computer
|b c
|2 rdamedia
|
| 338 |
|
|
|a online resource
|b cr
|2 rdacarrier
|
| 500 |
|
|
|a Reproduction of original in the British Library.
|
| 510 |
4 |
|
|a Early English books tract supplement interim guide
|c 816.m.20.[26]
|
| 533 |
|
|
|a Electronic reproduction.
|b Ann Arbor, Mich. :
|c UMI,
|d 1999-
|f (Early English books online)
|n Digital version of: (Early English books; Tract supplement ; B5:1[27])
|7 s1999 miun s
|
| 600 |
1 |
0 |
|a Fox, George,
|d 1624-1691
|v Early works to 1800.
|
| 830 |
|
0 |
|a Early English books online.
|
| 856 |
4 |
0 |
|u http://proxy.library.tamu.edu/login?url=https://search.proquest.com/docview/2240934335
|z Connect to the full text of this electronic book
|t 0
|
| 999 |
f |
f |
|s 5cad4b90-0062-343f-b095-039a0c8920aa
|i 9fd136b4-7939-3025-8439-f8395a81861b
|t 0
|
| 952 |
f |
f |
|a Texas A&M University
|b College Station
|c Electronic Resources
|d Available Online
|t 0
|h No information provided
|
| 998 |
f |
f |
|t 0
|l Available Online
|